Premier League 100 Goals Quiz Stats

 Plays Quiz Updated May 21, 2021

Support Sporcle.
Go Orange.
Score 0/29 Timer 06:00
99 Plays Today
Rank Player % Correct
1Alan Shearer
92.5%
6Thierry Henry
88.5%
2Wayne Rooney
83.1%
18Steven Gerrard
82.1%
5Frank Lampard
80.8%
3Andrew Cole
80.3%
7Harry Kane
79.4%
4Sergio Agüero
78.8%
28Didier Drogba
76.6%
10Michael Owen
74.6%
8Robbie Fowler
67.2%
24Ryan Giggs
66.4%
13Robin Van Persie
65.4%
17Dwight Yorke
65.4%
26Paul Scholes
62.2%
Rank Player % Correct
25Peter Crouch
61%
12Teddy Sheringham
60.9%
19Jamie Vardy
57.6%
20Ian Wright
54.9%
9Jermain Defoe
48.8%
11Les Ferdinand
48.1%
15Robbie Keane
46.4%
21Romelu Lukaku
44.3%
23Emile Heskey
40.5%
16Nicolas Anelka
38.7%
29Matt Le Tissier
37.5%
14Jimmy Floyd Hasselbaink
35.6%
27Darren Bent
34%
22Dion Dublin
28.8%

From the Vault

'F' American History

by william2

History 7m
These history facts think they're sooo fancy.
Remove Ads.
Support Sporcle.
Get the best of Sporcle when you Go Orange. This ad-free experience offers more features, more stats, and more fun while also helping to support Sporcle. Thank you for becoming a member.

Show Comments

Extras

Top Quizzes Today


Score Distribution

Your Account Isn't Verified!

In order to create a playlist on Sporcle, you need to verify the email address you used during registration. Go to your Sporcle Settings to finish the process.

Report this User

Report this user for behavior that violates our Community Guidelines.

Details: